Làm đồ chơi bằng giấy

Сохранить в:
Библиографические подробности
Главный автор: Lê Đức Hiền
Формат:
Язык:Vietnamese
Опубликовано: H. GD 1988
Предметы:
Метки: Добавить метку
Нет меток, Требуется 1-ая метка записи!
Thư viện lưu trữ: Trung tâm Học liệu Lê Vũ Hùng, Trường Đại học Đồng Tháp
LEADER 00828pam a22002298a 4500
001 00026164
005 20171026081023.0
008 110813s1988 ||||||viesd
041 0 # |a vie 
082 1 4 |a 745.54  |b L104Đ 
100 0 # |a Lê Đức Hiền 
245 0 0 |a Làm đồ chơi bằng giấy  |c Lê Đức Hiền 
260 # # |a H.  |b GD  |c 1988 
300 # # |a 82tr.  |c 20cm. 
653 # # |a nghệ thuật 
653 # # |a đồ chơi bằng giấy 
653 # # |a xếp giấy 
852 # # |b Kho giáo trình  |j KGT.0028270, KGT.0028271, KGT.0028272, KGT.0028273, KGT.0028274 
852 # # |j KGT.0028273  |j KGT.0028274  |j KGT.0028271  |j KGT.0028270  |j KGT.0028272 
852 # # |b Kho mượn  |j KGT.0028270 
910 |d 13/08/2011 
980 # # |a Trung tâm Học liệu Lê Vũ Hùng, Trường Đại học Đồng Tháp